Cempiyan̲ celvi. (Record no. 58065)

MARC details
000 -LEADER
fixed length control field 00553cam a22002171 4500
001 - CONTROL NUMBER
control field sa 64003692
003 - CONTROL NUMBER IDENTIFIER
control field DLC
005 - DATE AND TIME OF LATEST TRANSACTION
control field 20260227112019.0
008 - FIXED-LENGTH DATA ELEMENTS--GENERAL INFORMATION
fixed length control field 890906s1963 ii 000 1 tamo
010 ## - LIBRARY OF CONGRESS CONTROL NUMBER
LC control number sa 64003692
035 ## - SYSTEM CONTROL NUMBER
System control number (OCoLC)20307171
040 ## - CATALOGING SOURCE
Original cataloging agency DLC
Transcribing agency WaU
Modifying agency DLC
042 ## - AUTHENTICATION CODE
Authentication code premarc
050 00 - LIBRARY OF CONGRESS CALL NUMBER
Classification number PL4758.9.M27
Item number C4
100 1# - MAIN ENTRY--PERSONAL NAME
Personal name Manisekaran, Kovi,
Dates associated with a name 1926-
245 10 - TITLE STATEMENT
Title Cempiyan̲ celvi.
260 ## - PUBLICATION, DISTRIBUTION, ETC.
Date of publication, distribution, etc. [1963]
300 ## - PHYSICAL DESCRIPTION
Extent 440 p.
Dimensions 19 cm.
500 ## - GENERAL NOTE
General note A novel.
600 00 - SUBJECT ADDED ENTRY--PERSONAL NAME
Personal name Kulottunga
Numeration I,
Titles and other words associated with a name Chola King,
Dates associated with a name active 1070-1118
Form subdivision Fiction.

No items available.

Powered by Koha